01668nam a22003377a 4500003000400000005001700004008004100021040002200062082001500084100004100099245006500140260005000205300001900255366000800274490002000282505012300302505007000425505013200495505006500627505006900692505002300761505006300784505011800847505008900965650004301054650005201097650005101149650004801200650004601248700003601294OSt20230608091311.0221006b |||||||| |||| 00| 0 eng d cBiblioteca Lado V a700bS232c aSantamaria-Delgado, CarolinaeEditor aCuadernos/bde música, artes visuales y artes escénicas/ aUniversidad Javerianac2014bColombiabBogota c22x28cma237p. espa a9v2x1794-6670 tEDITORIALaMapeando los estudios visuales en America Latina: puntos de Partida, Anclajes Institucionales e Iniciativas tDossieraEl escudo de Atenea: cultura visual y guerra en Colombia tLa oposición política en el cine colombiano del siglo XX: Memorias, regímenes, audiovisuales y subjetivacion política  tLa imagen apropiada: repetición en la obra 18.oktober 1977 tFotografía y violencia: la memoria actuante de las imágenes  tUteros histericos  tEstudios Iconologicos en la prensa ilustrada del siglo XIX tFuera de DossieraTransgresión y persistencia El espacio expansivo colectivos artísticos Articulo breve  tReseñaaCon Wilson lo implícito es mas sugerente que lo explícito Iconotopia  2Tesauro de Arte & ArquitecturaaMUSICA 2Tesauro de Arte & ArquitecturaaARTES ESCENICAS 2Tesauro de Arte & ArquitecturaaARTES VISUALES 2Tesauro de Arte & ArquitecturaaICONOGRAFIA 2Tesauro de Arte & ArquitecturaaEDUCACION aNavarreta, Jose Antonioeeditor